000 00458nam a2200157 i 4500
001 31868
003 ES-MaACL
005 20230906154449.0
007 t|
008 030130s1914 fr ||||1| fre d
100 1 _aBedel, Roger.
_926992
245 1 3 _aLa notion de la loi chez les théologiens et les canonistes du XIIIe siècle /
_cRoger Bedel.
260 _aParís :
_bG. Steinheil,
_c1914.
300 _a101 p. ;
_c25 cm.
852 _aES-MaACL
_jT-1380-F-5
999 _c31868
_d31868